00249nam a2200097Ia 4500100003500000654002000035245003700055260002800092082001900120546001200139 aKulkarni/ A.D./ Barapte/ R.A.  aEngg. materials aEngg. materials and Components bTechnovaaChemburc1999 a621.3bKUL/BAR aENGLISH